<?xml version="1.0" encoding="UTF-8"?>
<record
    xmlns:xsi="http://www.w3.org/2001/XMLSchema-instance"
    xsi:schemaLocation="http://www.loc.gov/MARC21/slim http://www.loc.gov/standards/marcxml/schema/MARC21slim.xsd"
    xmlns="http://www.loc.gov/MARC21/slim">

  <leader>00379nam a2200157Ia 4500</leader>
  <controlfield tag="008">230207s9999    xx            000 0 und d</controlfield>
  <datafield tag="020" ind1=" " ind2=" ">
    <subfield code="a">9788126537297</subfield>
  </datafield>
  <datafield tag="041" ind1=" " ind2=" ">
    <subfield code="a">eng</subfield>
  </datafield>
  <datafield tag="082" ind1=" " ind2=" ">
    <subfield code="a">004</subfield>
  </datafield>
  <datafield tag="100" ind1=" " ind2=" ">
    <subfield code="a">Paulraj Ponnian </subfield>
    <subfield code="9">119299</subfield>
  </datafield>
  <datafield tag="245" ind1=" " ind2=" ">
    <subfield code="a">Data Warehousing </subfield>
  </datafield>
  <datafield tag="260" ind1=" " ind2=" ">
    <subfield code="a">New Delhi</subfield>
    <subfield code="b">Wiley Student Edition</subfield>
    <subfield code="c">2015</subfield>
  </datafield>
  <datafield tag="300" ind1=" " ind2=" ">
    <subfield code="a">2</subfield>
  </datafield>
  <datafield tag="440" ind1=" " ind2=" ">
    <subfield code="v">571</subfield>
  </datafield>
  <datafield tag="650" ind1=" " ind2=" ">
    <subfield code="a">Computer</subfield>
    <subfield code="9">119300</subfield>
  </datafield>
  <datafield tag="999" ind1=" " ind2=" ">
    <subfield code="c">97752</subfield>
    <subfield code="d">97752</subfield>
  </datafield>
  <datafield tag="952" ind1=" " ind2=" ">
    <subfield code="0">0</subfield>
    <subfield code="1">0</subfield>
    <subfield code="4">0</subfield>
    <subfield code="7">0</subfield>
    <subfield code="8">BCA</subfield>
    <subfield code="a">BCAS</subfield>
    <subfield code="b">BCAS</subfield>
    <subfield code="d">2023-02-04</subfield>
    <subfield code="g">989.00</subfield>
    <subfield code="l">1</subfield>
    <subfield code="o">004 PAU</subfield>
    <subfield code="p">BCAS-A-3627</subfield>
    <subfield code="r">2024-04-01 00:00:00</subfield>
    <subfield code="s">2023-12-07</subfield>
    <subfield code="v">989.00</subfield>
    <subfield code="w">2023-02-07</subfield>
    <subfield code="y">BK</subfield>
    <subfield code="z">A03627</subfield>
  </datafield>
  <datafield tag="952" ind1=" " ind2=" ">
    <subfield code="0">0</subfield>
    <subfield code="1">0</subfield>
    <subfield code="4">0</subfield>
    <subfield code="7">0</subfield>
    <subfield code="8">BCA</subfield>
    <subfield code="a">BCAS</subfield>
    <subfield code="b">BCAS</subfield>
    <subfield code="d">2023-02-04</subfield>
    <subfield code="g">989.00</subfield>
    <subfield code="o">004 PAU</subfield>
    <subfield code="p">BCAS-A-3628</subfield>
    <subfield code="r">2023-02-07 00:00:00</subfield>
    <subfield code="v">989.00</subfield>
    <subfield code="w">2023-02-07</subfield>
    <subfield code="y">BK</subfield>
    <subfield code="z">A03628</subfield>
  </datafield>
  <datafield tag="952" ind1=" " ind2=" ">
    <subfield code="0">0</subfield>
    <subfield code="1">0</subfield>
    <subfield code="4">0</subfield>
    <subfield code="7">0</subfield>
    <subfield code="8">BCA</subfield>
    <subfield code="a">BCAS</subfield>
    <subfield code="b">BCAS</subfield>
    <subfield code="d">2023-02-04</subfield>
    <subfield code="g">989.00</subfield>
    <subfield code="o">004 PAU</subfield>
    <subfield code="p">BCAS-A-3629</subfield>
    <subfield code="r">2023-02-07 00:00:00</subfield>
    <subfield code="v">989.00</subfield>
    <subfield code="w">2023-02-07</subfield>
    <subfield code="y">BK</subfield>
    <subfield code="z">A03629</subfield>
  </datafield>
  <datafield tag="952" ind1=" " ind2=" ">
    <subfield code="0">0</subfield>
    <subfield code="1">0</subfield>
    <subfield code="4">0</subfield>
    <subfield code="7">0</subfield>
    <subfield code="8">BCA</subfield>
    <subfield code="a">BCAS</subfield>
    <subfield code="b">BCAS</subfield>
    <subfield code="d">2023-02-04</subfield>
    <subfield code="g">989.00</subfield>
    <subfield code="o">004 PAU</subfield>
    <subfield code="p">BCAS-A-3630</subfield>
    <subfield code="r">2023-02-22 00:00:00</subfield>
    <subfield code="v">989.00</subfield>
    <subfield code="w">2023-02-07</subfield>
    <subfield code="y">BK</subfield>
    <subfield code="z">A03630</subfield>
  </datafield>
</record>
